Monarchen von Frankreich - mit Bild - Statistiken

Allgemein
  • Dieses Quiz wurde 42 mal gespielt
  • Das Durchschnittsergebnis liegt bei 13 aus 50
Antwortstatistiken
Bildquiz Hint Antwort % Korrekt
1804-1814/1815 (Bonaparte) Napoleon I. Bonaparte
94%
1852-1870 (Bonaparte) Napoleon III.
81%
1774-1792 (Bourbonen) Ludwig XVI.
78%
1643-1715 (Bourbonen) Ludwig XIV. der Sonnenkönig
75%
1715-1774 (Bourbonen) Ludwig XV.
75%
1610-1643 (Bourbonen) Ludwig XIII.
67%
1814/1815-1824 (Bourbonen) Ludwig XVIII.
56%
1498-1515 (Valois) Ludwig XII.
33%
1824-1830 (Bourbonen) Karl X.
31%
1461-1483 (Valois) Ludwig XI. der Kluge
31%
1589-1610 (Bourbonen) Heinrich IV.
25%
843-877 (Karolinger) Karl II. der Kahle
25%
1830-1848 (Orleans) Louis-Philippe I.
25%
877-879 (Karolinger) Ludwig II. der Stammler
25%
1226-1270 (Kapetinger) Ludwig IX. der Heilige
25%
1574-1589 (Valois) Heinrich III.
22%
879-882 (Karolinger) Ludwig III.
22%
1108-1137 (Kapetinger) Ludwig VI.
22%
1137-1180 (Kapetinger) Ludwig VII. der Jüngere
22%
1314-1316 (Kapetinger) Ludwig X. der Zänker
22%
1515-1547 (Valois) Franz I. der Ritterkönig
19%
1559-1560 (Valois) Franz II.
19%
1547-1559 (Valois) Heinrich II.
19%
1560-1574 (Valois) Karl IX.
19%
1380-1422 (Valois) Karl VI. der Wahnsinnige
19%
1422-1461 (Valois) Karl VII. der Siegreiche
19%
1483-1498 (Valois) Karl VIII.
19%
936-954 (Karolinger) Ludwig IV.
19%
986-987 (Karolinger) Ludwig V. der Faule
19%
1223-1226 (Kapetinger) Ludwig VIII. der Löwe
19%
1364-1380 (Valois) Karl V. der Weise
17%
885-888 (Karolinger) Karl der Dicke
14%
1316-1322 (Kapetinger) Philipp V. der Lange
14%
1328-1350 (Valois) Philipp VI.
14%
922-923 (Robertiner) Robert I.
14%
898-922 (Karolinger) Karl III. der Einfältige
11%
1322-1328 (Kapetinger) Karl IV.
11%
1060-1108 (Kapetinger) Philipp I.
11%
1180-1223 (Kapetinger) Philipp II. August
11%
1270-1285 (Kapetinger) Philipp III. der Tapfere
11%
1285-1314 (Kapetinger) Philipp IV. der Schöne
11%
1031-1060 (Kapetinger) Heinrich I.
8%
987-996 (Kapetinger) Hugo Capet
8%
1350-1364 (Valois) Johann II. der Gute
8%
879-884 (Karolinger) Karlmann II.
8%
996-1031 (Kapetinger) Robert II. der Fromme
8%
1316 (Kapetinger) Johann I. der Posthume
6%
954-986 (Karolinger) Lothar
6%
888-898 (Robertiner) Odo
6%
923-936 (Buviniden) Rudolf
6%
Keine übereinstimmenden Quizze gefunden
Verteilung der Resultate
Anzahl Personen mit jedem Resultat
Perzentil nach korrekt beantworteten Fragen
Ihre Resultats-Entwicklung
Sie haben dieses Quiz noch nicht gespielt